000 01033nam a2200301 a 4500
001 000005834
003 DO-SdBNP
005 20230331073625.0
007 ta
008 090824s1998 dr 000 0 spa d
040 _aDO-SdBNP
_bspa
_cBNPHU
082 4 _a331.89
_bH557n
_222
100 _aHernández Rueda, Lupo,
_d1930-2017
_923790
245 1 3 _aLa negociación colectiva en Santo Domingo /
_cLupo Hernández Rueda.
260 _aSanto Domingo :
_bFINJUS,
_c1998.
300 _a90 p. ;
_c19 cm.
490 1 _aEnsayos
490 1 _aLaboral
500 _aIncluye referencias bibliográficas y notas al pie de las páginas
590 _aInventariado, 2018/VM
650 4 _aNegociaciones colectivas de trabajo
_zRepública Dominicana
_911387
650 4 _aRelaciones de trabajo
_zRepública Dominicana
_916478
710 2 _aFundación Institucionalidad y Justicia (República Dominicana)
_91886
830 0 _aEnsayos
_911110
830 0 _aLaboral
_916479
910 _aValidado. Control de calidad MMOLINA
942 _2ddc
_cLBS1
999 _c5630
_d5630